| 000 | 00452nam a2200133 a 4500 | ||
|---|---|---|---|
| 008 | 120416s1962 ||||||||||||||||| || u | ||
| 050 | _aD 131 Blo | ||
| 100 | _aBloch, Marc | ||
| 245 | 1 | 0 | _aFeudal society |
| 250 | _a2nd ed. | ||
| 260 |
_aLondon _bRoutledge _c1962 |
||
| 350 | _a0.00 | ||
| 995 |
_D0.00 _FCBU-MAIN LIBRARY (Kitwe) _H1 _I35.00 _M1 _UAVAILABLE _WJun 22, 2006 _ZAnnex Low-Usage Collection |
||
| 999 |
_c43224 _d43224 |
||